MyGZULibrary

Essential counselling and therapy skills : (Record no. 11723)

MARC details
000 -LEADER
fixed length control field 01335cam a2200397 a 4500
001 - CONTROL NUMBER
control field 12979979
003 - CONTROL NUMBER IDENTIFIER
control field GZU
005 - DATE AND TIME OF LATEST TRANSACTION
control field 20260316131030.0
008 - FIXED-LENGTH DATA ELEMENTS--GENERAL INFORMATION
fixed length control field 021024s2002 enk b 001 0 eng d
010 ## - LIBRARY OF CONGRESS CONTROL NUMBER
LC control number 2001135921
020 ## - INTERNATIONAL STANDARD BOOK NUMBER
International Standard Book Number 0761954724
020 ## - INTERNATIONAL STANDARD BOOK NUMBER
International Standard Book Number 0761954732
Qualifying information pbk.
020 ## - INTERNATIONAL STANDARD BOOK NUMBER
International Standard Book Number 9780761954729
020 ## - INTERNATIONAL STANDARD BOOK NUMBER
International Standard Book Number 9780761954736
Qualifying information (pbk.)
022 ## - INTERNATIONAL STANDARD SERIAL NUMBER
International Standard Serial Number .
035 ## - SYSTEM CONTROL NUMBER
System control number 12979979
035 ## - SYSTEM CONTROL NUMBER
System control number (OCoLC)48361867
040 ## - CATALOGING SOURCE
Original cataloging agency UKM
Transcribing agency UKM
Modifying agency GZULib
Language of cataloging eng
Description conventions rda
042 ## - AUTHENTICATION CODE
Authentication code lccopycat
050 00 - LIBRARY OF CONGRESS CALL NUMBER
Classification number BF637.
Item number NEL 2002
100 1# - MAIN ENTRY--PERSONAL NAME
Personal name Nelson-Jones, Richard.
Relator term author
245 10 - TITLE STATEMENT
Title Essential counselling and therapy skills :
Remainder of title the skilled client model /
Statement of responsibility, etc. Richard Nelson-Jones.
260 ## - PUBLICATION, DISTRIBUTION, ETC.
Place of publication, distribution, etc. London ;
-- Thousand Oaks, Calif. :
Name of publisher, distributor, etc. SAGE Publications,
Date of publication, distribution, etc. 2002.
300 ## - PHYSICAL DESCRIPTION
Extent xiv, 382 pages ;
Dimensions 25 cm.
Other physical details illustrations
336 ## - CONTENT TYPE
Content type term text
Content type code txt
Source rdacontent
337 ## - MEDIA TYPE
Media type term unmediated
Media type code n
Source rdamedia
338 ## - CARRIER TYPE
Carrier type term volume
Carrier type code nc
Source rdacarrier
504 ## - BIBLIOGRAPHY, ETC. NOTE
Bibliography, etc. note Includes bibliographical references (p. [363]-373) and indexes.
505 ## - FORMATTED CONTENTS NOTE
Formatted contents note .
520 ## - SUMMARY, ETC.
Summary, etc. .
650 #0 - SUBJECT ADDED ENTRY--TOPICAL TERM
Topical term or geographic name entry element Counseling.
650 #0 - SUBJECT ADDED ENTRY--TOPICAL TERM
Topical term or geographic name entry element Psychotherapy.
856 42 - ELECTRONIC LOCATION AND ACCESS
Materials specified Publisher description
Uniform Resource Identifier <a href="http://www.loc.gov/catdir/enhancements/fy0657/2001135921-d.html">http://www.loc.gov/catdir/enhancements/fy0657/2001135921-d.html</a>
856 41 - ELECTRONIC LOCATION AND ACCESS
Materials specified Table of contents only
Uniform Resource Identifier <a href="http://www.loc.gov/catdir/enhancements/fy0657/2001135921-t.html">http://www.loc.gov/catdir/enhancements/fy0657/2001135921-t.html</a>
942 ## - ADDED ENTRY ELEMENTS (KOHA)
Source of classification or shelving scheme Library of Congress Classification
Koha item type Books
Classification part 637
Item part NEL
Call number prefix BF
Holdings
Withdrawn status Lost status Source of classification or shelving scheme Damaged status Not for loan Collection code Home library Current library Shelving location Date acquired Source of acquisition Total Checkouts Full call number Barcode Date last seen Copy number Price effective from Koha item type
    Library of Congress Classification     Non-fiction City Campus Library City Campus Library General Stacks 03/16/2026 Baroda   BF637 NEL 2002 034414 03/16/2026 c. 1 03/16/2026 Books
    Library of Congress Classification     Non-fiction City Campus Library City Campus Library General Stacks 03/16/2026 Baroda   BF637 NEL 2002 034415 03/16/2026 c. 2 03/16/2026 Books